Cities Chain - USA (Extreme) - Statistics

General Stats
  • This quiz has been taken 227 times
  • The average score is 17 of 32
Answer Stats
Hint Answer % Correct
Georgia (starting with A) Atlanta
98%
Texas Austin
93%
Oklahoma Oklahoma City
74%
Florida Orlando
74%
Texas Houston
73%
Colorado Denver
71%
North Carolina Raleigh
67%
Texas San Antonio
67%
Alaska Anchorage
66%
Michigan Detroit
66%
Indiana Indianapolis
66%
Florida Miami
65%
Florida Tampa
64%
New York New York City
63%
Texas El Paso
62%
Missouri Saint Louis
58%
New York Yonkers
56%
Maryland Annapolis
54%
Illinois Springfield
54%
California San Jose
53%
California Oakland
52%
Missouri Kansas City
48%
Washington Olympia
47%
Virginia Norfolk
43%
Colorado Aurora
33%
California Anaheim
30%
Pennsylvania Erie
30%
Georgia Augusta
29%
Pennsylvania York
29%
Michigan Kalamazoo
26%
California Eureka
13%
California Yorba Linda
11%
No matching quizzes found
Score Distribution
Percent of People with Each Score
Percentile by Number Answered
Your Score History
You have not taken this quiz